000 00341nam a2200145Ia 4500
005 20251222144628.0
008 251222s9999||||xx |||||||||||||| ||spa||
020 _a9972816826
082 _a323.498.5/L49
100 _aLerner Febres, Salomón
245 0 _aLa Rebelión de la Memoria
250 _a1ra.ed.
264 _bCEP
942 _cLIB
999 _c16182
_d16182